Informe semestral, julio a diciembre 1981
Guardado en:
| Autor Corporativo: | |
|---|---|
| Formato: | Texto |
| Publicado: |
San José:
MOPT. IGN
|
| Etiquetas: |
Agregar Etiqueta
Sin Etiquetas, Sea el primero en etiquetar este registro!
|
MARC
| LEADER | 00000 a a2200000 04500 | ||
|---|---|---|---|
| 001 | 21320 | ||
| 003 | |||
| 040 | |||
| 090 | |a 093300 | ||
| 110 | |a Costa Rica. Ministerio de Obras Públicas y Transportes. Instituto Geográfico Nacional | ||
| 245 | |a Informe semestral, julio a diciembre 1981 | ||
| 260 | |a San José: |b MOPT. IGN | ||
| 300 | |a 69 p. | ||
| 999 | |c 13469 |d 13469 | ||
